Football : Olympique Lyonnais - Statistiques

Statistiques générales
  • Ce quiz a été pris 572 fois
    322 depuis la dernière actualisation
  • Le résultat moyen est 18 sur 23
Statistiques - réponses
Questions Réponses % Correct
Que signifie le sigle OL ? Olympique Lyonnais
99%
Quels sont les trois couleurs de l'OL ? Bleu, Blanc, Rouge
98%
Combien de championnats de France l'OL a-t-il remporté ? 7
97%
Qui est le grand rival de l'OL, laissant place au plus gros derby français ? ASSE
97%
Comment s'appelle le stade de l'OL ? Groupama Stadium
97%
Quel joueur brésilien, connu pour ses coup-francs a remporté tous ces titres ? Juninho Pernambucano
94%
Comment s'appelait l'ancien stade de l'OL? Gerland
92%
Quel attaquant ayant également évolué à Arsenal, est surnommé le "général" ? Alexandre Lacazette
91%
Quel Ballon d'Or 2022, a porté les tuniques de l'OL pendant 4 saisons, pour ensuite signer au Real Madrid ? Karim Benzema
91%
Quel joueur prometteur a fait ses débuts à Lyon avant de partir au PSG lors de l'été 2023 ? Bradley Barcola
88%
Quel gardien iconique de Ligue 1 a quitté l'OL après plus de 10 ans de carrière, pour signer au FC Nantes Anthony Lopes
87%
Qui est le nouveau président du club, également propriétaire du club de Botafogo ? John Textor
87%
Quel mythique président de l'OL a pris les commandes du club en 1987, contribuant à l'essor de ce club ? Jean-Michel Aulas
86%
Quel groupe de supporters est le plus chaud du club mais controversé pour ses idées d'extrême-droite par le passé ? Bad Gones
79%
En quelle année ce club a-t-il été fondé ? 1950
73%
Quel joueur a quitté l'AS Saint-Etienne pour signer directement pour l'OL durant l'été 2009 ? Bafétimbi Gomis
67%
Quel joueur est le plus capé de l'histoire de l'OL, portant le même patronyme qu'un joueur italien évoluant actuellement à Liverpool ? Serge Chiesa
63%
Ces titres ont par ailleurs été gagnés ___________, de 2002 à 2008 . Successivement
59%
Dans quelle commune voisine de Lyon se situe-t-il ? Décines-Charpieu
58%
Quel joueur, surnommé le "petit prince de Gerland", est le meilleur buteur de l'histoire de l'OL ? Fleury Di Nallo
54%
Sur qui y avait-il penalty, lors du match contre le PSV Eindhoven ? Nilmar Santos
54%
Quel autre grand attaquant français, deuxième meilleur buteur de l'histoire du championnat de France, a évolué à l'OL durant les années 1970 ? Bernard Lacombe
53%
Quel attaquant, vainqueur de l'Euro 2000 a évolué à Lyon sur la fin de sa carrière ? Sylvain Wiltord
34%
Aucun quiz correspondant
Distribution des résultats
% des personnes avec chaque résultat
Percentile par nombre de réponses
Votre historique - résultats
Vous n’avez pas pris ce quiz depuis la dernière actualisation